MARC details
| 000 -LEADER |
| fixed length control field |
03619cam a2200685 i 4500 |
| 001 - CONTROL NUMBER |
| control field |
on1412039115 |
| 003 - CONTROL NUMBER IDENTIFIER |
| control field |
OCoLC |
| 005 - DATE AND TIME OF LATEST TRANSACTION |
| control field |
20250207150402.0 |
| 008 - FIXED-LENGTH DATA ELEMENTS--GENERAL INFORMATION |
| fixed length control field |
231205t20242024nyua c 000 f eng |
| 010 ## - LIBRARY OF CONGRESS CONTROL NUMBER |
| LC control number |
2023019563 |
| 020 ## - INTERNATIONAL STANDARD BOOK NUMBER |
| International Standard Book Number |
9781250900265 |
| Qualifying information |
hardcover |
| 020 ## - INTERNATIONAL STANDARD BOOK NUMBER |
| International Standard Book Number |
1250900263 |
| Qualifying information |
hardcover |
| 020 ## - INTERNATIONAL STANDARD BOOK NUMBER |
| Cancelled/invalid ISBN |
9781250900258 |
| Qualifying information |
electronic book |
| 020 ## - INTERNATIONAL STANDARD BOOK NUMBER |
| Cancelled/invalid ISBN |
9781250399830 |
| Qualifying information |
electronic book |
| 020 ## - INTERNATIONAL STANDARD BOOK NUMBER |
| Cancelled/invalid ISBN |
1250399831 |
| Qualifying information |
electronic book |
| 035 ## - SYSTEM CONTROL NUMBER |
| System control number |
(OCoLC)1412039115 |
| Canceled/invalid control number |
(OCoLC)1384414041 |
| -- |
(OCoLC)1455266573 |
| -- |
(OCoLC)1455740907 |
| 040 ## - CATALOGING SOURCE |
| Original cataloging agency |
DLC |
| Language of cataloging |
eng |
| Description conventions |
rda |
| Transcribing agency |
DLC |
| Modifying agency |
OCLCO |
| -- |
YDX |
| -- |
BDX |
| -- |
TOH |
| -- |
OCLCF |
| -- |
ORX |
| -- |
OCLCO |
| -- |
OQX |
| -- |
UAP |
| -- |
LJW |
| -- |
OI6 |
| -- |
OCO |
| -- |
BNO |
| -- |
IHY |
| -- |
SDG |
| -- |
TXG |
| -- |
COD |
| -- |
RNL |
| -- |
OCLCO |
| -- |
JTH |
| -- |
YDX |
| -- |
YBM |
| -- |
EHH |
| -- |
FMG |
| 042 ## - AUTHENTICATION CODE |
| Authentication code |
pcc |
| 050 #4 - LIBRARY OF CONGRESS CALL NUMBER |
| Classification number |
PS3606.A7155 |
| Item number |
K83 2024 |
| 050 00 - LIBRARY OF CONGRESS CALL NUMBER |
| Classification number |
PZ7.1.F367524 |
| Item number |
Kw 2024 |
| 082 00 - DEWEY DECIMAL CLASSIFICATION NUMBER |
| Classification number |
[Fic] |
| Edition number |
23 |
| 092 ## - LOCALLY ASSIGNED DEWEY CALL NUMBER (OCLC) |
| Classification number |
junior fiction |
| Item number |
Farmer |
| 100 1# - MAIN ENTRY--PERSONAL NAME |
| Personal name |
Farmer, Craig Kofi, |
| Relator term |
author. |
| 9 (RLIN) |
6538405 |
| 245 10 - TITLE STATEMENT |
| Title |
Kwame crashes the underworld / |
| Statement of responsibility, etc |
Craig Kofi Farmer. |
| 250 ## - EDITION STATEMENT |
| Edition statement |
First edition. |
| 264 #1 - Production, Publication, Distribution, Manufacture, and Copyright Notice. |
| Place of production, publication, distribution, manufacture |
New York, NY : |
| Name of producer, publisher, distributor, manufacturer |
Roaring Brook Press, |
| Date of production, publication, distribution, manufacture, or copyr |
2024. |
| 264 #4 - Production, Publication, Distribution, Manufacture, and Copyright Notice. |
| Date of production, publication, distribution, manufacture, or copyr |
©2024 |
| 300 ## - PHYSICAL DESCRIPTION |
| Extent |
340 pages : |
| Other physical details |
illustration ; |
| Dimensions |
22 cm |
| 336 ## - Content Type |
| Content type term |
text |
| 337 ## - Media type |
| Media type term |
unmediated |
| 338 ## - Carrier type |
| Carrier type term |
volume |
| 520 ## - SUMMARY, ETC. |
| Summary, etc |
Twelve-year-old Kwame Powell refuses to acknowledge any feelings about his grandmother's passing. And he certainly doesn't want to accompany his parents to her celebration of life ceremony in Ghana, where he knows he'll have to face his feelings about her death head-on. But when an aboatia -- a mischievous monkey from Akan mythology -- steals Kwame's grandmother's dashiki, his last physical reminder of her, Kwame decides to take matters into his own hands. He chases the little thief across town, to the edge of the pier, and... into a magical whirlpool that leads straight to Asamando, the Ghanaian underworld. With his best friend Autumn, and the crafty aboatia he names Woo, Kwame finds himself embroiled with angry nature gods intent on destroying humanity. And, matters only get more complicated when he runs into none other than his grandmother herself... except in the underworld, she's still a kid. And very much alive. |
| 521 ## - TARGET AUDIENCE NOTE |
| Target audience note |
Ages 8-12. |
| Source |
Roaring Brook Press. |
| 521 ## - TARGET AUDIENCE NOTE |
| Target audience note |
Grades 7-9. |
| Source |
Roaring Brook Press. |
| 586 ## - AWARDS NOTE |
| Awards note |
Coretta Scott King / John Steptoe New Talent Author Award Winner, 2025 |
| 650 #0 - SUBJECT ADDED ENTRY--TOPICAL TERM |
| Topical term or geographic name as entry element |
Magic |
| Form subdivision |
Juvenile fiction. |
| 9 (RLIN) |
5673690 |
| 650 #0 - SUBJECT ADDED ENTRY--TOPICAL TERM |
| Topical term or geographic name as entry element |
Coretta Scott King / John Steptoe New Talent Award |
| 9 (RLIN) |
6481504 |
| 650 #0 - SUBJECT ADDED ENTRY--TOPICAL TERM |
| Topical term or geographic name as entry element |
Future life |
| Form subdivision |
Juvenile fiction. |
| 9 (RLIN) |
5681163 |
| 650 #0 - SUBJECT ADDED ENTRY--TOPICAL TERM |
| Topical term or geographic name as entry element |
Grandmothers |
| Form subdivision |
Juvenile fiction. |
| 9 (RLIN) |
5683771 |
| 650 #0 - SUBJECT ADDED ENTRY--TOPICAL TERM |
| Topical term or geographic name as entry element |
Gods, Akan |
| Form subdivision |
Juvenile fiction. |
| 9 (RLIN) |
6538406 |
| 650 #0 - SUBJECT ADDED ENTRY--TOPICAL TERM |
| Topical term or geographic name as entry element |
Ghanaian Americans |
| Form subdivision |
Juvenile fiction. |
| 9 (RLIN) |
6369520 |
| 650 #1 - SUBJECT ADDED ENTRY--TOPICAL TERM |
| Topical term or geographic name as entry element |
Magic |
| Form subdivision |
Fiction. |
| 9 (RLIN) |
5673694 |
| 650 #1 - SUBJECT ADDED ENTRY--TOPICAL TERM |
| Topical term or geographic name as entry element |
Future life |
| Form subdivision |
Fiction. |
| 9 (RLIN) |
5681164 |
| 650 #1 - SUBJECT ADDED ENTRY--TOPICAL TERM |
| Topical term or geographic name as entry element |
Grandmothers |
| Form subdivision |
Fiction. |
| 9 (RLIN) |
5686024 |
| 650 #1 - SUBJECT ADDED ENTRY--TOPICAL TERM |
| Topical term or geographic name as entry element |
Ghanaian Americans |
| Form subdivision |
Fiction. |
| 9 (RLIN) |
6369521 |
| 650 #1 - SUBJECT ADDED ENTRY--TOPICAL TERM |
| Topical term or geographic name as entry element |
Fantasy. |
| 650 #6 - SUBJECT ADDED ENTRY--TOPICAL TERM |
| Topical term or geographic name as entry element |
Vie future |
| Form subdivision |
Romans, nouvelles, etc. pour la jeunesse. |
| 9 (RLIN) |
6538407 |
| 650 #6 - SUBJECT ADDED ENTRY--TOPICAL TERM |
| Topical term or geographic name as entry element |
Grands-mères |
| Form subdivision |
Romans, nouvelles, etc. pour la jeunesse. |
| 9 (RLIN) |
6538408 |
| 650 #6 - SUBJECT ADDED ENTRY--TOPICAL TERM |
| Topical term or geographic name as entry element |
Américains d'origine ghanéenne |
| Form subdivision |
Romans, nouvelles, etc. pour la jeunesse. |
| 9 (RLIN) |
6538409 |
| 650 #7 - SUBJECT ADDED ENTRY--TOPICAL TERM |
| Topical term or geographic name as entry element |
JUVENILE FICTION / General. |
| Source of heading or term |
bisacsh |
| 9 (RLIN) |
5674981 |
| 650 #7 - SUBJECT ADDED ENTRY--TOPICAL TERM |
| Topical term or geographic name as entry element |
Black interest |
| Source of heading or term |
local |
| 9 (RLIN) |
6538410 |
| 655 #0 - INDEX TERM--GENRE/FORM |
| Genre/form data or focus term |
Young adult fiction. |
| 655 #7 - INDEX TERM--GENRE/FORM |
| Genre/form data or focus term |
Fantasy fiction |
| Source of term |
fast |
| 655 #7 - INDEX TERM--GENRE/FORM |
| Genre/form data or focus term |
Novels |
| Source of term |
fast |
| 655 #7 - INDEX TERM--GENRE/FORM |
| Genre/form data or focus term |
Fantasy fiction. |
| Source of term |
lcgft |
| 655 #7 - INDEX TERM--GENRE/FORM |
| Genre/form data or focus term |
Action and adventure fiction. |
| Source of term |
lcgft |
| 655 #7 - INDEX TERM--GENRE/FORM |
| Genre/form data or focus term |
Novels. |
| Source of term |
lcgft |
| 655 #7 - INDEX TERM--GENRE/FORM |
| Genre/form data or focus term |
Romans. |
| Source of term |
rvmgf |
| 9 (RLIN) |
6374904 |
| 942 ## - ADDED ENTRY ELEMENTS (KOHA) |
| Source of classification or shelving scheme |
Dewey Decimal Classification |
| Koha item type |
BOOK |